000 02329cam a22004094i 4500
003 PE-LiUPU
005 20250731184107.0
008 150616s1972 sp r 000 0 spa d
035 _a(Sirsi) a3089
040 _aPE-LiUPU
_bspa
_cPE-LiUPU
_dPE-LiUPU
_erda
049 _aPRUA
082 0 4 _a808
_bL25
_221
100 1 _aLapesa Melga, Rafael,
_eautor.
245 1 0 _aIntroducción a los estudios literarios /
_cRafael Lapesa Melga.
264 1 _a[Salamanca] :
_bAnaya,
_c1972.
300 _a207 páginas ;
_c19 centimetros
336 _atext
_2rdacontent
337 _aunmediated
_2rdamedia
338 _avolume
_2rdacarrier
505 0 _aEl arte de la literatura -- Lo bello y otras nociones estéticas -- Creación y tradición literarias -- El lenguaje literario -- El lenguaje figurado -- Imágenes y epítetos -- Estilística -- El ritmo en el lenguaje -- Sistemas de versificación -- El verso regular español -- Estrofas parisílabas de rima consonante -- Combinaciones imparisílabas de rimas consonantes -- Combinacines métricas de rimas asonante -- Estribillos y glosas -- Géneros literarios -- Poemas épicos cultos -- Poesía lírica -- Poesía dramática -- La novela -- La didáctica y la crítica -- La historia -- La oratoria.
526 _aP145
526 _aP127
526 _aP97
526 _aP14
526 _aP07
650 0 4 _aLiteratura - critica.
910 _ajck
_bjvq
_cjck
942 _2ddc
_cBOOK
949 _a808 L25
_wDEWEY
_c1
_i26364
_lCCODEBUL1
_mBUL
_p20.00
_r0
_sY
_tBOOK
_u2015-04-23
_xBIBLIOTECA
_zUNKNOWN
_0COMPRA
_o.STAFF. Colección Teología
949 _a808 L25
_wDEWEY
_c2
_i15235
_lCCODEBUL1
_mBUL
_p20.00
_r0
_sY
_tBOOK
_u19740318
_xEDUCACION
_PP20
_0COMPRA
_o.STAFF. Colección Ciencias Humanas y Educación
994 _aC0
_bPEPRU
596 _a1
999 _a808 L25
_wDEWEY
_c38382
_i26364
_d38382
_e2017-5-30
_f2021-11-5
_g5
_lCCODEBUL1
_mBUL
_n6
_p20.00
_q1
_r0
_sY
_tBOOK
_u2015-4-23
_xBIBLIOTECA
_PP35
_0COMPRA
_o.STAFF. Colección Teología
999 _a808 L25
_wDEWEY
_c2
_i15235
_d2018-1-30
_e2015-11-16
_f2021-11-9
_g5
_lCCODEBUL1
_mBUL
_n1
_p20.00
_q1
_r0
_sY
_tBOOK
_u2015-6-16
_xEDUCACION
_PP20
_0COMPRA
_o.STAFF. Colección Ciencias Humanas y Educación
980 _81
_gALBERTO SANCHEZ Responsable de Automatización